Vplyv TNK na svetové hospodárstvo v kontexte globálnej finančnej krízy diplomová práca

Saved in:
Bibliographic Details
Main Author: Vidurová, Michaela
Corporate Author: Národohospodárska fakulta EU. Katedra hospodárskej politiky
Other Authors: Havettová, Miroslava
Format: Book
Language:Slovak
Published: Bratislava 2013
Tags: Add Tag
No Tags, Be the first to tag this record!

MARC

LEADER 00000nbm a2200000 4500
001 0170497
005 20161109102349.8
041 0 |a slo 
044 |a SK 
245 1 0 |a Vplyv TNK na svetové hospodárstvo v kontexte globálnej finančnej krízy  |b diplomová práca  |c Michaela Vidurová ; školiteľ: Miroslava Luchava Havettová 
264 1 |a Bratislava  |c 2013 
300 |a 77 s. 
100 1 |a Vidurová, Michaela 
700 1 |a Havettová, Miroslava 
710 2 |a Národohospodárska fakulta EU. Katedra hospodárskej politiky